000 00532nam a2200193 a 4500
001 1766480581695
003 YourLibrary
005 20251226120327.0
008 251223s2000##################000#0#eng##
020 _a9780691089584
082 0 4 _a280.40973
_bHAR
100 1 _aHarding, Susan Friend,
_eauthor.
245 1 0 _aThe Book of Jerry Falwell :
260 _bPrinceton University Press,
_c2000.
300 _a358 pages
650 0 _aBiography & Autobiography.
942 _cENGLISH
040 _aYourLibrary
_beng
_cYourLibrary
999 _c605151
_d605151